000 00301nam a22001337a 4500
008 170621b xxu||||| |||| 00| 0 eng d
020 _a9780862990749
041 _aeng
080 _a94(7/8)
100 _a16
101 _aSHH
245 _aA HISTORY OF AMERICAN LAW
_cFRIEDMAN,L.M
942 _2udc
_cBK
999 _c18419
_d18419